000 00484nam a2200181 a 4500
001 1769935627454
003 YourLibrary
005 20260201143128.0
008 260201s2004##################000#0#eng##
020 _a9780131096714
082 0 4 _a332.024014
_bSHA
100 1 _aShapiro, David,
_eauthor.
245 1 0 _aRetirement Countdown :
260 _bFinancial Times/Prentice Hall,
_c2004.
650 0 _aInvestments.
942 _cENGLISH
040 _aYourLibrary
_beng
_cYourLibrary
999 _c609675
_d609675